[Event "Belgrade Planetwin 365 op"]
[Site "Belgrade"]
[Date "2014.12.29"]
[Round "4"]
[White "Pavlovic, Milos M"]
[Black "Arsovic, Goran"]
[Result "1-0"]
[WhiteElo "2452"]
[BlackElo "2491"]
[PlyCount "57"]
[EventDate "2014.12.29"]
[EventType "tourn (blitz)"]
[EventRounds "25"]
[EventCountry "SRB"]
[SourceTitle "CBM 164 Extra"]
[Source "ChessBase"]
[SourceDate "2015.03.02"]
[SourceVersion "1"]
[SourceVersionDate "2015.03.02"]
[SourceQuality "1"]

1. d4 Nf6 2. Nf3 g6 3. e3 Bg7 4. Be2 0-0 5. 0-0 b6 6. c4 Bb7 7. Nc3 d5 8. b3 Nbd7 9. Bb2 e6 10. Rc1 c5 11. cxd5 Nxd5 12. Nxd5 Bxd5 13. Qd2 Rc8 14. dxc5 Bxb2 15. Qxb2 Rxc5 16. Rxc5 Nxc5 17. Ne5 Qf6 18. Qa1 Ne4 19. f3 Nc5 20. b4 Nb7 21. e4 Bxa2 22. f4 Bb3 23. Qb2 Ba4 24. Qa3 b5 25. Qe3 Rd8 26. Qxa7 Nd6 27. Qe3 Bc2 28. Nc6 Re8 29. e5 1-0

[Event "Belgrade Planetwin 365 op"]
[Site "Belgrade"]
[Date "2014.12.29"]
[Round "21"]
[White "Pavlovic, Milos M"]
[Black "Milanovic, Danilo"]
[Result "0-1"]
[WhiteElo "2452"]
[BlackElo "2555"]
[PlyCount "87"]
[EventDate "2014.12.29"]
[EventType "tourn (blitz)"]
[EventRounds "25"]
[EventCountry "SRB"]
[SourceTitle "CBM 164 Extra"]
[Source "ChessBase"]
[SourceDate "2015.03.02"]
[SourceVersion "1"]
[SourceVersionDate "2015.03.02"]
[SourceQuality "1"]

1. d4 Nf6 2. Nf3 c5 3. d5 b5 4. Bg5 Ne4 5. Bf4 Bb7 6. e3 Nf6 7. c4 d6 8. a4 bxc4 9. Nc3 g6 10. Bxc4 Bg7 11. Bb5+ Nbd7 12. a5 0-0 13. 0-0 Rb8 14. Bc4 Nh5 15. Bg5 h6 16. Bh4 f5 17. Nd2 Ne5 18. Be2 Nf6 19. Bxf6 Bxf6 20. f4 Nd7 21. Qc2 Qe8 22. Bd3 Bxc3 23. bxc3 Bxd5 24. c4 Bc6 25. e4 Qf7 26. Rae1 Qf6 27. Rb1 Qd4+ 28. Kh1 e6 29. Nf3 Qf6 30. exf5 gxf5 31. Qd2 Rbd8 32. Rbe1 Rfe8 33. h3 Nf8 34. Kh2 Ng6 35. Rg1 Kh8 36. Ref1 Rb8 37. Rf2 Bxf3 38. gxf3 Rg8 39. Rfg2 Nh4 40. Rxg8+ Rxg8 41. Rxg8+ Kxg8 42. Qe3 Kf7 43. Bf1 Qd4 44. Kg3 0-1

[Event "Belgrade Planetwin 365 op"]
[Site "Belgrade"]
[Date "2014.12.29"]
[Round "6"]
[White "Pavlovic, Milos M"]
[Black "Tadic, Branko"]
[Result "0-1"]
[WhiteElo "2452"]
[BlackElo "2545"]
[PlyCount "77"]
[EventDate "2014.12.29"]
[EventType "tourn (blitz)"]
[EventRounds "25"]
[EventCountry "SRB"]
[SourceTitle "CBM 164 Extra"]
[Source "ChessBase"]
[SourceDate "2015.03.02"]
[SourceVersion "1"]
[SourceVersionDate "2015.03.02"]
[SourceQuality "1"]

1. d4 d5 2. Bf4 Nf6 3. e3 c5 4. c3 Nc6 5. Nd2 cxd4 6. exd4 Bf5 7. Qb3 Qc8 8. Ngf3 e6 9. Be2 Be7 10. h3 0-0 11. 0-0 h6 12. Rfe1 a6 13. a4 Ne4 14. Nf1 Na5 15. Qd1 Nc4 16. Ra2 Bd6 17. Bxd6 Ncxd6 18. Ne3 Bh7 19. Bd3 Qc7 20. Qe2 a5 21. Raa1 Kh8 22. Rad1 Qc6 23. Bc2 b5 24. Ne5 Qb7 25. axb5 f6 26. Nd3 Qxb5 27. Ra1 a4 28. Ra3 Nc4 29. Nxc4 Qxc4 30. Rea1 e5 31. Rxa4 Rxa4 32. Rxa4 Qb5 33. Rb4 Qa6 34. Qe3 Re8 35. dxe5 fxe5 36. Qb6 Qa1+ 37. Kh2 Qf1 38. Qc6 Rf8 39. Qxd5 0-1

[Event "Richardson UTD op"]
[Site "Richardson"]
[Date "2013.03.10"]
[Round "3"]
[White "Zherebukh, Yaroslav"]
[Black "Pavlovic, Milos M"]
[Result "1/2-1/2"]
[WhiteElo "2623"]
[BlackElo "2482"]
[PlyCount "112"]
[EventDate "2013.03.09"]
[EventType "swiss"]
[EventRounds "9"]
[EventCountry "USA"]
[SourceTitle "CBM 153 Extra"]
[Source "ChessBase"]
[SourceDate "2013.04.22"]
[SourceVersion "1"]
[SourceVersionDate "2013.04.22"]
[SourceQuality "1"]

1. e4 c5 2. Nf3 d6 3. d4 cxd4 4. Nxd4 Nf6 5. Nc3 Nc6 6. Bg5 e6 7. Qd2 a6 8. 0-0-0 Bd7 9. f3 Be7 10. h4 h6 11. Be3 h5 12. Bg5 Qc7 13. Kb1 Ne5 14. f4 Neg4 15. g3 g6 16. Bh3 e5 17. Bxg4 Bxg4 18. Bxf6 Bxf6 19. Nd5 Qd8 20. Ne2 Bg7 21. Rdf1 exf4 22. gxf4 0-0 23. f5 Kh7 24. Nd4 Qe8 25. Nc7 Qxe4 26. Nxa8 Qxd4 27. Qxd4 Bxd4 28. fxg6+ Kxg6 29. Nc7 Be5 30. Nd5 f5 31. Nf4+ Kf6 32. Rh2 Rc8 33. Rhf2 b5 34. c3 a5 35. a3 Kf7 36. Nd3 Kf6 37. Kc2 Rc4 38. Nf4 Rc5 39. Rd2 Rc4 40. Rdf2 Rc5 41. Kd3 Kf7 42. Kd2 Rc4 43. Nd5 Bg3 44. Ne3 Bxf2 45. Nxc4 Bxh4 46. Nxd6+ Kg6 47. Nxb5 Bg5+ 48. Kd3 h4 49. Nd4 h3 50. Nf3 Bf4 51. Ke2 a4 52. Kf2 Bc7 53. Rd1 Bb6+ 54. Kg3 Bc7+ 55. Kf2 Bb6+ 56. Kg3 Bc7+ 1/2-1/2

[Event "Richardson UTD op"]
[Site "Richardson"]
[Date "2013.03.09"]
[Round "2"]
[White "Pavlovic, Milos M"]
[Black "Negi, Parimarjan"]
[Result "1/2-1/2"]
[WhiteElo "2482"]
[BlackElo "2639"]
[PlyCount "50"]
[EventDate "2013.03.09"]
[EventType "swiss"]
[EventRounds "9"]
[EventCountry "USA"]
[SourceTitle "CBM 153 Extra"]
[Source "ChessBase"]
[SourceDate "2013.04.22"]
[SourceVersion "1"]
[SourceVersionDate "2013.04.22"]
[SourceQuality "1"]

1. e4 c5 2. Nf3 d6 3. d4 cxd4 4. Nxd4 Nf6 5. Nc3 a6 6. Be2 e6 7. 0-0 Nc6 8. Be3 Be7 9. f4 0-0 10. Qe1 Nxd4 11. Bxd4 b5 12. a3 Bb7 13. Qg3 g6 14. Bd3 Nh5 15. Qe3 Bf6 16. Bxf6 Nxf6 17. Qe2 Rc8 18. Kh1 Nd7 19. Rad1 Re8 20. Qd2 Qf6 21. e5 dxe5 22. fxe5 Qxe5 23. Bxg6 fxg6 24. Qxd7 Bc6 25. Qf7+ Kh8 1/2-1/2

[Event "Pan American Intercollegiate-chT"]
[Site "Princeton"]
[Date "2012.12.28"]
[Round "2"]
[White "Pavlovic, Milos M"]
[Black "Zimmerman, Scott"]
[Result "1-0"]
[WhiteElo "2482"]
[BlackElo "1833"]
[PlyCount "65"]
[EventDate "2012.12.27"]
[EventType "team-swiss"]
[EventRounds "6"]
[EventCountry "USA"]
[SourceTitle "CBM 152 Extra"]
[Source "ChessBase"]
[SourceDate "2013.02.25"]
[SourceVersion "1"]
[SourceVersionDate "2013.02.25"]
[SourceQuality "1"]
[WhiteTeam "Dallas"]
[BlackTeam "UMCP"]
[WhiteTeamCountry "USA"]
[BlackTeamCountry "USA"]

1. e4 c5 2. Nf3 e6 3. d4 cxd4 4. Nxd4 Nf6 5. Nc3 Nc6 6. Ndb5 d6 7. Bf4 e5 8. Bg5 a6 9. Na3 b5 10. Bxf6 gxf6 11. Nd5 f5 12. g3 fxe4 13. Bg2 Bf5 14. 0-0 Bg7 15. Re1 0-0 16. c3 Rb8 17. Nc2 Bg6 18. Bxe4 Bxe4 19. Rxe4 f5 20. Rh4 Ne7 21. Ncb4 Ng6 22. Nc6 Qe8 23. Nxb8 Nxh4 24. Nxa6 Ng6 25. Ndc7 Qe7 26. Qd5+ Kh8 27. Rd1 f4 28. Ne6 fxg3 29. hxg3 Rf7 30. Nxg7 Rxg7 31. Qxd6 Qb7 32. Qf6 h6 33. Nc5 1-0

[Event "Dallas UTD"]
[Site "Dallas"]
[Date "2012.11.18"]
[Round "4"]
[White "Calugar, Arthur"]
[Black "Pavlovic, Milos M"]
[Result "0-1"]
[WhiteElo "2312"]
[BlackElo "2477"]
[PlyCount "70"]
[EventDate "2012.11.16"]
[EventType "tourn"]
[EventRounds "9"]
[EventCountry "USA"]
[EventCategory "9"]
[SourceTitle "CBM 151 Extra"]
[Source "ChessBase"]
[SourceDate "2012.12.18"]
[SourceVersion "1"]
[SourceVersionDate "2012.12.18"]
[SourceQuality "1"]

1. Nf3 c5 2. b3 d5 3. e3 a6 4. Bb2 Nc6 5. d4 Nf6 6. Bd3 Bg4 7. Nbd2 e6 8. 0-0 Be7 9. a3 0-0 10. Qe1 Bh5 11. Ne5 cxd4 12. exd4 Nxe5 13. dxe5 Nd7 14. f4 Nc5 15. Be2 Bg6 16. Rc1 Rc8 17. Nf3 Ne4 18. Bd3 Bc5+ 19. Nd4 b5 20. Kh1 Qb6 21. Qe3 a5 22. g4 f5 23. gxf5 exf5 24. b4 axb4 25. axb4 Bxb4 26. Nxf5 Qc7 27. Bxe4 dxe4 28. Nd4 Bc5 29. Qb3+ Kh8 30. Ne6 Qc6 31. Nxc5 e3+ 32. Kg1 Qxc5 33. Ba3 Qd4 34. c3 Rxf4 35. h3 Rg4+ 0-1

[Event "Richardson UTD schev"]
[Site "Richardson"]
[Date "2012.03.12"]
[Round "4"]
[White "Pavlovic, Milos M"]
[Black "Robson, Ray"]
[Result "0-1"]
[WhiteElo "2478"]
[BlackElo "2606"]
[PlyCount "52"]
[EventDate "2012.03.10"]
[EventType "schev"]
[EventRounds "10"]
[EventCountry "USA"]
[SourceTitle "CBM 147 Extra"]
[Source "ChessBase"]
[SourceDate "2012.04.24"]
[SourceVersion "1"]
[SourceVersionDate "2012.04.24"]
[SourceQuality "1"]
[WhiteTeam "Dallas UT"]
[BlackTeam "Grandmasters"]
[WhiteTeamCountry "USA"]
[BlackTeamCountry "USA"]

1. e4 e6 2. d4 d5 3. Nc3 Bb4 4. e5 c5 5. a3 Ba5 6. Qg4 Ne7 7. Qxg7 Rg8 8. Qxh7 cxd4 9. b4 Bc7 10. Nb5 Bxe5 11. Nf3 Rh8 12. Qd3 Bf6 13. Bf4 Ng6 14. Nc7+ Kf8 15. Bg3 e5 16. Nxa8 e4 17. Qb3 exf3 18. 0-0-0 Nc6 19. Nc7 Nge5 20. Nb5 d3 21. gxf3 a6 22. f4 Nc4 23. cxd3 Nb6 24. Nc3 Nd4 25. Qb2 Bf5 26. Bg2 Nb5 0-1

[Event "Richardson UTD GM 8th"]
[Site "Richardson"]
[Date "2011.12.16"]
[Round "3"]
[White "Wang, Puchen"]
[Black "Pavlovic, Milos M"]
[Result "0-1"]
[WhiteElo "2441"]
[BlackElo "2486"]
[PlyCount "44"]
[EventDate "2011.12.15"]
[EventType "tourn"]
[EventRounds "9"]
[EventCountry "USA"]
[EventCategory "10"]
[SourceTitle "CBM 145 Extra"]
[Source "ChessBase"]
[SourceDate "2012.01.03"]
[SourceVersion "1"]
[SourceVersionDate "2012.01.03"]
[SourceQuality "1"]

1. e4 c5 2. Nf3 d6 3. d4 cxd4 4. Nxd4 Nf6 5. Nc3 Nc6 6. Be2 g6 7. 0-0 Bg7 8. Nb3 0-0 9. f4 a6 10. Bf3 Qc7 11. Qe2 Be6 12. Nd5 Bxd5 13. exd5 Nb4 14. c4 b5 15. cxb5 axb5 16. Bd2 Nxa2 17. Kh1 Qc2 18. Na5 Qxb2 19. Rfb1 Nc3 20. Rxb2 Nxe2 21. Bxe2 Ne4 22. Bc1 Rfc8 0-1

[Event "Winterthur op 10th"]
[Site "Winterthur"]
[Date "2010.10.16"]
[Round "9"]
[White "Ulybin, Mikhail"]
[Black "Pavlovic, Milos M"]
[Result "1-0"]
[WhiteElo "2544"]
[BlackElo "2495"]
[PlyCount "67"]
[EventDate "2010.10.09"]
[EventType "swiss"]
[EventRounds "9"]
[EventCountry "SUI"]
[SourceTitle "CBM 138 Extra"]
[Source "ChessBase"]
[SourceDate "2010.10.29"]
[SourceVersion "1"]
[SourceVersionDate "2010.10.29"]
[SourceQuality "1"]

1. d4 Nf6 2. c4 g6 3. Nc3 d5 4. cxd5 Nxd5 5. Bd2 Bg7 6. e4 Nb6 7. Be3 0-0 8. h3 e5 9. Nf3 exd4 10. Bxd4 Qe7 11. Bxg7 Kxg7 12. Qd4+ f6 13. Qe3 Nc6 14. Bb5 Nb4 15. Rc1 Be6 16. a3 Na2 17. Nxa2 Bxa2 18. 0-0 c6 19. Bd3 Rad8 20. Rfe1 Rfe8 21. Bf1 Bf7 22. h4 h5 23. b4 Qd6 24. b5 cxb5 25. Bxb5 Re7 26. e5 fxe5 27. Nxe5 Qf6 28. Qg3 Rd5 29. Nxf7 Rxf7 30. Be8 Rf8 31. Rc7+ Kh6 32. Bxg6 Nd7 33. Bc2 Rd2 34. Re6 1-0

[Event "Winterthur op 10th"]
[Site "Winterthur"]
[Date "2010.10.13"]
[Round "6"]
[White "Flom, Gabriel"]
[Black "Pavlovic, Milos M"]
[Result "1-0"]
[WhiteElo "2429"]
[BlackElo "2495"]
[PlyCount "135"]
[EventDate "2010.10.09"]
[EventType "swiss"]
[EventRounds "9"]
[EventCountry "SUI"]
[SourceTitle "CBM 138 Extra"]
[Source "ChessBase"]
[SourceDate "2010.10.29"]
[SourceVersion "1"]
[SourceVersionDate "2010.10.29"]
[SourceQuality "1"]

1. d4 Nf6 2. c4 g6 3. Nc3 d5 4. Bg5 Ne4 5. Bh4 Nxc3 6. bxc3 dxc4 7. e3 Be6 8. Nf3 Bg7 9. Be2 Nd7 10. 0-0 0-0 11. Ng5 Bd5 12. e4 Bc6 13. Bxc4 Nb6 14. Bd3 Ba4 15. Bc2 Qd7 16. Bb3 e5 17. Nf3 exd4 18. cxd4 c5 19. dxc5 Bxa1 20. Qxa1 Bxb3 21. axb3 Nc8 22. Bf6 a5 23. Qc1 Ra6 24. e5 Qf5 25. Qh6 Rxf6 26. Ng5 Qxg5 27. Qxg5 Rc6 28. Rc1 Re8 29. Qd2 Rxe5 30. Qd8+ Kg7 31. Qxa5 Ne7 32. f4 Ree6 33. b4 b6 34. Qa1+ Kg8 35. Rd1 Rc8 36. Re1 Rcc6 37. Rxe6 Rxe6 38. Qa7 bxc5 39. b5 c4 40. b6 Nc6 41. Qc7 c3 42. b7 Kg7 43. b8Q Nxb8 44. Qxc3+ Kh6 45. g4 g5 46. Qc7 gxf4 47. Qxf4+ Kg7 48. Qxb8 Rg6 49. Qf4 Re6 50. Qd4+ Kg8 51. Kf2 Rg6 52. Kf3 Rc6 53. Kf4 Rg6 54. Kf5 Re6 55. h4 h6 56. Qc4 Rg6 57. Qc8+ Kg7 58. Qd8 Re6 59. Qd4+ Kg8 60. h5 Rc6 61. Qd5 Ra6 62. Qc4 Rb6 63. Qc5 Rb1 64. g5 hxg5 65. h6 Rf1+ 66. Kg4 Rf6 67. Kh5 Rg6 68. Qc8+ 1-0

[Event "SRB-chT 1st League"]
[Site "Vrnjacka Banja"]
[Date "2010.08.30"]
[Round "10"]
[White "Pavlovic, Milos M"]
[Black "Stamenkovic, Aleksandar"]
[Result "1-0"]
[WhiteElo "2483"]
[BlackElo "2274"]
[PlyCount "65"]
[EventDate "2010.08.21"]
[EventType "team-tourn"]
[EventRounds "11"]
[EventCountry "YUG"]
[SourceTitle "CBM 138 Extra"]
[Source "ChessBase"]
[SourceDate "2010.10.29"]
[SourceVersion "1"]
[SourceVersionDate "2010.10.29"]
[SourceQuality "1"]

1. e4 e5 2. Nf3 Nf6 3. d4 Nxe4 4. Bd3 d5 5. dxe5 Be7 6. 0-0 0-0 7. c4 c6 8. cxd5 cxd5 9. Nc3 Nxc3 10. bxc3 Bg4 11. h3 Bh5 12. Rb1 Nd7 13. g4 Bg6 14. Bxg6 hxg6 15. Qxd5 Nc5 16. Rd1 Qa5 17. Bg5 Rfd8 18. Qc4 Rxd1+ 19. Rxd1 Bf8 20. Be3 Ne6 21. Rd7 b5 22. Qc6 Rd8 23. Rxa7 Rd1+ 24. Kg2 Qd8 25. Nd4 Nxd4 26. cxd4 Rxd4 27. Bxd4 Qxd4 28. Qb7 Qf4 29. Qf3 Qc4 30. Ra8 g5 31. Re8 Qc5 32. e6 fxe6 33. Rxe6 1-0

[Event "Pamplona San Juan op 4th"]
[Site "Pamplona"]
[Date "2010.07.30"]
[Round "6"]
[White "Del Rio de Angelis, Salvador Gabriel"]
[Black "Pavlovic, Milos M"]
[Result "1/2-1/2"]
[WhiteElo "2521"]
[BlackElo "2483"]
[PlyCount "86"]
[EventDate "2010.07.26"]
[EventType "swiss"]
[EventRounds "9"]
[EventCountry "ESP"]
[SourceTitle "CBM 137 Extra"]
[Source "ChessBase"]
[SourceDate "2010.09.01"]
[SourceVersion "1"]
[SourceVersionDate "2010.09.01"]
[SourceQuality "1"]

1. d4 Nf6 2. c4 g6 3. Nc3 d5 4. cxd5 Nxd5 5. e4 Nxc3 6. bxc3 Bg7 7. Bb5+ Bd7 8. Be2 c5 9. Nf3 Bc6 10. Qd3 cxd4 11. cxd4 Nd7 12. Rb1 b6 13. 0-0 0-0 14. Bg5 Bb7 15. Qe3 Nf6 16. d5 Rc8 17. h3 Nd7 18. Rbc1 Rxc1 19. Rxc1 Nc5 20. Rd1 Qd7 21. Nd4 a6 22. Nb3 Na4 23. Bg4 f5 24. exf5 gxf5 25. Bf3 Nc3 26. Rd3 Nxd5 27. Bxd5+ Bxd5 28. Qxb6 e6 29. Qxa6 Qc7 30. Rd1 f4 31. Qe2 f3 32. gxf3 Qf7 33. f4 h6 34. Bh4 Qxf4 35. Bg3 Qf5 36. Qg4 Qxg4 37. hxg4 Bf3 38. Rd6 Ra8 39. Rxe6 Rxa2 40. Bf4 Bxg4 41. Rg6 Bf5 42. Rd6 h5 43. Nd4 Bxd4 1/2-1/2

[Event "Pamplona San Juan op 4th"]
[Site "Pamplona"]
[Date "2010.07.27"]
[Round "3"]
[White "Pavlovic, Milos M"]
[Black "Vazquez Igarza, Renier"]
[Result "1/2-1/2"]
[WhiteElo "2483"]
[BlackElo "2527"]
[PlyCount "42"]
[EventDate "2010.07.26"]
[EventType "swiss"]
[EventRounds "9"]
[EventCountry "ESP"]
[SourceTitle "CBM 137 Extra"]
[Source "ChessBase"]
[SourceDate "2010.09.01"]
[SourceVersion "1"]
[SourceVersionDate "2010.09.01"]
[SourceQuality "1"]

1. e4 c5 2. Nf3 e6 3. d4 cxd4 4. Nxd4 Nc6 5. Nc3 d6 6. Be3 Nf6 7. Be2 Be7 8. Qd2 a6 9. 0-0-0 Nxd4 10. Qxd4 e5 11. Qb6 Qxb6 12. Bxb6 Be6 13. Rd2 0-0 14. Kb1 Rac8 15. f3 Rc6 16. Be3 h6 17. Nd5 Bxd5 18. exd5 Rcc8 19. c4 Nd7 20. Rc2 Bd8 21. f4 Bf6 1/2-1/2